Latex harvesting technologies adapted to clones IRCA 111, IRCA 130 and PB 260 of Hevea brasiliensis Muell. Arg. of active metabolic class in Southwestern Cote d'Ivoire (Record no. 75689)

MARC details
000 -LEADER
fixed length control field 00785nam a22001577a 4500
100 ## - MAIN ENTRY--AUTHOR NAME
Personal name Diarrassouba, M.
245 ## - TITLE STATEMENT
Title Latex harvesting technologies adapted to clones IRCA 111, IRCA 130 and PB 260 of Hevea brasiliensis Muell. Arg. of active metabolic class in Southwestern Cote d'Ivoire
260 ## - PUBLICATION, DISTRIBUTION, ETC. (IMPRINT)
Name of publisher Natural Rubber Industry: An Asset for Socio-economic development and preservation of the Environment: Proceedings of the International Rubber Conference, IRC 2018, 22-23 October 2018, International Rubber Research and Development Board, Abidjan, Cote D' Ivoire, pp. 73-86.
650 ## - SUBJECT ADDED ENTRY--TOPICAL TERM
Topical Term Active metabolic class
650 ## - SUBJECT ADDED ENTRY--TOPICAL TERM
Topical Term Latex harvesting technology
700 ## - ADDED ENTRY--PERSONAL NAME
Personal name Soumahin, E.F.
700 ## - ADDED ENTRY--PERSONAL NAME
Personal name Coulibaly, L.F.
700 ## - ADDED ENTRY--PERSONAL NAME
Personal name Obouayeba, S.
942 ## - ADDED ENTRY ELEMENTS (KOHA)
Koha item type Articles
Holdings
Withdrawn status Lost status Damaged status Not for loan Home library Current library Date acquired Koha item type
        RRII Library RRII Library 27/10/2025 Articles